[Event "ch-AUT"]
[Site "Leoben AUT"]
[Date "2008.07.22"]
[Round "4"]
[White "Ragger,M"]
[Black "Freitag,Ma"]
[Result "1-0"]
[WhiteElo "2527"]
[BlackElo "2408"]

1.e4 c5 2.Nf3 d6 3.d4 cxd4 4.Nxd4 Nf6 5.Nc3 a6 6.Be3 e5 7.Nb3 Be6 8.f3 Be7
9.Qd2 O-O 10.O-O-O Nbd7 11.g4 b5 12.g5 b4 13.Ne2 Ne8 14.f4 a5 15.f5 a4 16.Nbd4 exd4
17.Nxd4 b3 18.Kb1 bxc2+ 19.Nxc2 Bb3 20.axb3 axb3 21.Na3 Ne5 22.h4 Ra4 23.Bd4 Qa8
24.Qg2 Nc7 25.h5 f6 26.h6 fxg5 27.hxg7 Rf7 28.Qh3 Rxg7 29.Qxb3+ Kh8 30.Ka2 Bf6
31.Rh6 Ne8 32.Bb5 Rxd4 33.Rxd4 Ng4 34.Ra4 Qb8 35.Rh3 Rb7 36.Qd5 Nc7 37.Qxd6 Be5
38.Qe7 Bg7 39.Rb3 Na6 40.Qxb7 Qxb7 41.Bxa6 Qa8 42.Bb5 Qc8 43.Rc4 Qd8 44.Ba6 Bf8
45.Rc8 Qd6 46.Bc4 Ne5 47.Rbb8 Nd7 48.Rb7 Ne5 49.Be6 g4 50.Rcc7  1-0

[Event "19th Czech Chladek & Tintera A Open"]
[Site "Pardubice CZE"]
[Date "2008.07.22"]
[Round "5"]
[White "Zinchenko,Ya"]
[Black "Morozov,D"]
[Result "1-0"]
[WhiteElo "2523"]
[BlackElo "2351"]

1.e4 c5 2.Nf3 d6 3.d4 cxd4 4.Nxd4 Nf6 5.Nc3 a6 6.Be3 e5 7.Nb3 Be6 8.f4 exf4
9.Bxf4 Nc6 10.Qe2 Be7 11.h3 Nd7 12.O-O-O Qc7 13.Kb1 O-O 14.g4 Rfe8 15.Qd2 Nce5
16.Nd4 Nb6 17.Nf5 Nec4 18.Nxe7+ Rxe7 19.Qd4 Rd7 20.Nd5 Bxd5 21.exd5 Re7 22.h4 Rae8
23.Bd3 Ne3 24.Bxe3 Rxe3 25.Rhf1 R8e5 26.c4 Na4 27.Bc2 Nc5 28.g5 a5 29.h5 g6
30.hxg6 fxg6 31.a3 Qe7 32.Rf6 Re1 33.Rxe1 Rxe1+ 34.Ka2 Re5 35.Qh4 Ne4 36.Bxe4 Rxe4
37.Qg3 Qc7 38.Rxd6 Qxc4+ 39.Qb3 b5 40.Rb6 a4 41.Qxc4 bxc4 42.Rb4 Rd4 43.Rxa4 Rxd5
44.Rxc4 Rxg5 45.b4 h5 46.Kb3 Rg1 47.b5 g5 48.Rb4 Re1 49.b6 Re8 50.b7 Rb8
51.a4 g4 52.a5 g3 53.a6 g2 54.a7 Rf8 55.a8=Q  1-0

[Event "XIII Open"]
[Site "Balaguer ESP"]
[Date "2008.07.23"]
[Round "10"]
[White "Bruzon Batista,L"]
[Black "Roeder,M"]
[Result "1-0"]
[WhiteElo "2592"]
[BlackElo "2451"]

1.e4 c5 2.Nf3 d6 3.d4 cxd4 4.Nxd4 Nf6 5.Nc3 a6 6.Be3 e5 7.Nb3 Be7 8.Qd2 O-O
9.O-O-O Qc7 10.f4 Nbd7 11.Kb1 b5 12.Nd5 Nxd5 13.exd5 Bb7 14.Na5 exf4 15.Bxf4 Bxd5
16.Qxd5 Qxa5 17.Qb7 Rfd8 18.Bd3 g6 19.Rhf1 Rab8 20.Qd5 Rf8 21.Bh6 Ne5 22.Bxf8 Bxf8
23.c3 Qc7 24.Bc2 a5 25.a3 Nc4 26.Bb3 Bg7 27.Rf3 Be5 28.Rdf1 Rf8 29.a4 Nb6
30.Qxf7+ Rxf7 31.Rxf7 Qxf7 32.Rxf7 Nxa4 33.Ra7+ Kh8 34.Bxa4 bxa4 35.Rxa5 Bxh2
36.Rxa4 h5 37.b4 Kg7 38.b5 d5 39.b6 g5 40.b7 Kg6 41.Kc2 g4 42.Kd3 Kg5 43.Ra8 Kh4
44.b8=Q Bxb8 45.Rxb8 Kg3 46.Rb2  1-0

[Event "XIII Open"]
[Site "Balaguer ESP"]
[Date "2008.07.23"]
[Round "10"]
[White "Sanchez,Joseph"]
[Black "Nadig,K"]
[Result "0-1"]
[WhiteElo "2486"]
[BlackElo "2241"]

1.e4 c5 2.Nf3 d6 3.d4 cxd4 4.Nxd4 Nf6 5.Nc3 a6 6.Be3 e5 7.Nb3 Be6 8.Qe2 b5
9.f4 Nbd7 10.f5 Bc4 11.Qf3 Bxf1 12.Rxf1 b4 13.Nd5 Nxd5 14.exd5 Qc7 15.O-O-O a5
16.Kb1 a4 17.Nc1 Be7 18.Qe2 a3 19.Nd3 axb2 20.Nxb4 O-O 21.Nc6 Bf6 22.Qb5 e4
23.Bd4 Bxd4 24.Rxd4 Rfe8 25.Re1 Nc5 26.a4 Qd7 27.g4 g6 28.Rc4 gxf5 29.gxf5 Qxf5
30.Rg1+ Kh8 31.Rxc5 dxc5 32.d6 e3 33.d7 Rf8 34.Qxb2+ f6 35.d8=Q Raxd8 36.Nxd8 Rxd8
37.Re1 Re8 38.Qb5 Qe5 39.Ka2 Rb8 40.Rxe3 Qd5+ 41.Rb3 Rxb5 42.axb5 c4 43.Rb4 Qd2  0-1

[Event "ZMD Open"]
[Site "Dresden GER"]
[Date "2008.07.23"]
[Round "5"]
[White "Lobzhanidze,D"]
[Black "Kempinski,R"]
[Result "0-1"]
[WhiteElo "2488"]
[BlackElo "2613"]

1.e4 c5 2.Nf3 d6 3.d4 cxd4 4.Nxd4 Nf6 5.Nc3 a6 6.Be3 e5 7.Nf3 Be7 8.Bc4 O-O
9.O-O Nc6 10.Re1 b5 11.Bd5 Bd7 12.a3 Rc8 13.Ba2 Na5 14.Bg5 Be6 15.Bxf6 Bxf6
16.Nd5 Be7 17.c3 Nc4 18.Re2 Rc5 19.a4 Bxd5 20.exd5 Qd7 21.axb5 axb5 22.b4 Rc7
23.Bb3 Nb6 24.Ra6 Rb8 25.Qa1 Qc8 26.Rc2 Na4 27.Rc6 Rxc6 28.dxc6 Qxc6 29.c4 Nb6
30.cxb5 d5 31.Qa2 Qc7 32.Rxc7 Bd6 33.Rxf7 Kxf7 34.Bxd5+ Nxd5 35.Qxd5+ Ke7  0-1

[Event "Politiken Cup"]
[Site "Helsingor DEN"]
[Date "2008.07.23"]
[Round "6"]
[White "Lindberg,Be"]
[Black "Skovgaard,Pe2"]
[Result "1-0"]
[WhiteElo "2432"]
[BlackElo "2255"]

1.e4 c5 2.Nf3 d6 3.d4 cxd4 4.Nxd4 Nf6 5.Nc3 a6 6.Be3 e5 7.Nb3 Be6 8.f3 h5
9.Nd5 Bxd5 10.exd5 Nbd7 11.c4 Qc7 12.Bd3 g6 13.O-O Bh6 14.Bxh6 Rxh6 15.Qd2 Rh8
16.f4 Ng4 17.f5 Qb6+ 18.Kh1 Ne3 19.fxg6 Nxf1 20.gxf7+ Kf8 21.Rxf1 a5 22.Bf5 a4
23.Bxd7 axb3 24.axb3 Qxb3 25.Qg5 Qb6 26.Be6 Qf2 27.Qg8+ Ke7 28.f8=Q+ Qxf8
29.Rf7+  1-0

[Event "Politiken Cup"]
[Site "Helsingor DEN"]
[Date "2008.07.23"]
[Round "6"]
[White "Berg,E"]
[Black "Moor,O"]
[Result "1-0"]
[WhiteElo "2592"]
[BlackElo "2388"]

1.e4 c5 2.Nf3 d6 3.d4 cxd4 4.Nxd4 Nf6 5.Nc3 a6 6.Be3 e5 7.Nf3 Be7 8.Bc4 O-O
9.O-O Be6 10.Bxe6 fxe6 11.Na4 Nfd7 12.c4 Nc6 13.Qb3 Na5 14.Qd3 Qc7 15.Rac1 Nc5
16.Qa3 Rac8 17.Nd2 Nxa4 18.Qxa4 Nc6 19.Nf3 Qd8 20.Rfd1 Qe8 21.Qb3 Qg6 22.Qxb7 Qxe4
23.Qxa6 Qg6 24.Qb7 Qe8 25.Qb3 Rb8 26.Qc2 Qh5 27.Qe4  1-0

[Event "XXVI Andorra Open"]
[Site "La Massana AND"]
[Date "2008.07.23"]
[Round "5"]
[White "Lopez Martinez,Josep"]
[Black "Ringoir,T"]
[Result "1-0"]
[WhiteElo "2531"]
[BlackElo "2321"]

1.e4 c5 2.Nf3 d6 3.d4 cxd4 4.Nxd4 Nf6 5.Nc3 a6 6.Be3 e5 7.Nb3 Be6 8.f3 Nbd7
9.Qd2 b5 10.O-O-O Rc8 11.g4 Nb6 12.g5 Nh5 13.Na5 b4 14.Nb1 d5 15.exd5 Nxd5
16.Bxa6 Be7 17.Bb5+ Kf8 18.Nc6 Qc7 19.c4 Nxe3 20.Qxe3 Bxc4 21.Bxc4 Qxc6 22.Nd2 Qa6
23.Qb3 Bxg5 24.Kb1 Qg6+ 25.Ne4 Be7 26.Ka1 Nf4 27.h4 Qf5 28.Nd6 Bxd6 29.Rxd6 g6
30.Rhd1 Kg7 31.Qxb4 Qc2 32.b3 Rhd8 33.Qd2 Qxd2 34.R1xd2 Rxd6 35.Rxd6 f5 36.Kb2 Re8
37.Bb5 Re7 38.Kc2 Ne6 39.a4 Nd4+ 40.Kc3 Nxf3 41.a5 e4 42.Rd7 Rxd7 43.Bxd7  1-0

[Event "Stara Pazova"]
[Site "Stara Pazova SRB"]
[Date "2008.07.23"]
[Round "1"]
[White "Nestorovic,N"]
[Black "Vujacic,Bo"]
[Result "1-0"]
[WhiteElo "2422"]
[BlackElo "2319"]

1.e4 c5 2.Nf3 d6 3.d4 cxd4 4.Nxd4 Nf6 5.Nc3 a6 6.Be3 e5 7.Nf3 Qc7 8.a4 h6
9.a5 Nbd7 10.Be2 Be7 11.O-O O-O 12.Nd2 b5 13.axb6 Nxb6 14.Bxb6 Qxb6 15.Nc4 Qc7
16.Ne3 Bb7 17.Qd3 g6 18.Rfd1 Rfd8 19.Ra4 Kg7 20.Rc4 Qb8 21.Ncd5 Bxd5 22.Nxd5 Nxd5
23.Qxd5 Ra7 24.b3 Rdd7 25.g3 a5 26.Ra1 Bd8 27.Bg4 Rdc7 28.Raa4 Rxc4 29.Rxc4 Be7
30.Rc8 Qb6 31.Be2 Qb7 32.Qxb7 Rxb7 33.Ra8 Rc7 34.Bc4 Rc5 35.Ra7 Kf8 36.Kf1 f5
37.f3 h5 38.h3 h4 39.g4 fxe4 40.fxe4 g5 41.Ke2 Ke8 42.Kd3 Bd8 43.Rg7 Kf8
44.Rg6 Ke7 45.Rxg5 Rc7 46.Rg8 Kd7 47.g5  1-0

[Event "2nd IRT 54th Aniv Martelli"]
[Site "Villa Martelli ARG"]
[Date "2008.07.23"]
[Round "8"]
[White "Espinoza Palomino,W"]
[Black "Rey,Fa"]
[Result "1/2-1/2"]
[WhiteElo "2130"]
[BlackElo "2113"]

1.e4 c5 2.Nf3 d6 3.d4 cxd4 4.Nxd4 Nf6 5.Nc3 a6 6.Be3 e5 7.Nb3 Be6 8.f3 Be7
9.Qd2 O-O 10.O-O-O Qc7 11.g4 Rc8 12.Kb1 d5 13.Nxd5 Nxd5 14.exd5 Bxd5 15.Be2 a5
16.Nc1 Rd8 17.Qe1 a4 18.Qf2 Qc6 19.Rhf1 a3 20.b3 Na6 21.c4  1/2-1/2

[Event "Politiken Cup"]
[Site "Helsingor DEN"]
[Date "2008.07.24"]
[Round "7"]
[White "Humphrey,J"]
[Black "Guttulsrud,O"]
[Result "1-0"]
[WhiteElo "2289"]
[BlackElo "1976"]

1.e4 c5 2.Nf3 d6 3.d4 cxd4 4.Nxd4 Nf6 5.Nc3 a6 6.Be3 e5 7.Nf3 Be7 8.Bc4 Qc7
9.Bb3 O-O 10.O-O b5 11.Bg5 Nbd7 12.Nd5 Qd8 13.Nxe7+ Qxe7 14.Nh4 g6 15.f4 Kg7
16.Bd5 Rb8 17.fxe5 Qxe5 18.Bf4 Qe7 19.Qd4 h6 20.Nf3 Re8 21.Bc6 Qe6 22.e5 dxe5
23.Nxe5 Bb7 24.Bxd7 Rbd8 25.Rad1 Qe7 26.Qd2 Qc5+ 27.Kh1 Rxe5 28.Bxh6+ Kg8
29.Rxf6 Rh5 30.Rd6 Qe5 31.Bf4 Qe4 32.Re1 Qc4 33.Bg4 Rxd6 34.Qxd6 Rc5 35.Qb8+ Kh7
36.Qxb7 Qxf4 37.Bd1 Re5 38.Rg1 Re3 39.Bf3 g5 40.Bd5 Kg7 41.Qxa6 Re8 42.Qxb5 Rh8
43.h3 Rd8 44.Qc4 Qg3 45.Qd4+ f6 46.Rf1 Rf8 47.a4  1-0

[Event "XXVI Andorra Open"]
[Site "La Massana AND"]
[Date "2008.07.24"]
[Round "6"]
[White "Caspi,I"]
[Black "Bjerke,S"]
[Result "1-0"]
[WhiteElo "2412"]
[BlackElo "2176"]

1.e4 c5 2.Nf3 d6 3.d4 Nf6 4.Nc3 cxd4 5.Nxd4 a6 6.Be3 e5 7.Nb3 Be6 8.Qd2 Nbd7
9.O-O-O Be7 10.f4 Ng4 11.g3 Nxe3 12.Qxe3 Rc8 13.Kb1 b5 14.h4 Qb6 15.Qf3 b4
16.Nd5 Bxd5 17.Rxd5 Qc6 18.Bh3 Bf6 19.Bxd7+ Qxd7 20.Rhd1 Qc7 21.Qd3 exf4
22.e5 Bxe5 23.gxf4 Bxf4 24.Re1+ Be5 25.Rxd6 f6 26.Re6+ Kf7 27.R6xe5 fxe5
28.Qf5+ Ke7 29.Rxe5+ Kd8 30.Rd5+ Ke7 31.Qe4+ Kf8 32.Rf5+ Qf7 33.Qxb4+ Kg8
34.Rxf7 Kxf7 35.Qf4+ Ke7 36.Qe5+ Kf7 37.Qf5+ Ke7 38.Nc5 Kd6 39.Ne4+ Ke7 40.Qe5+ Kd7
41.Qd6+ Ke8 42.Qe6+ Kd8 43.Nd6 Rc6 44.Nf7+ Kc7 45.Qe7+  1-0

[Event "19th Czech Chladek & Tintera A Open"]
[Site "Pardubice CZE"]
[Date "2008.07.24"]
[Round "7"]
[White "Gutenev,A"]
[Black "Biriukov,O"]
[Result "1/2-1/2"]
[WhiteElo "2280"]
[BlackElo "2391"]

1.e4 c5 2.Nf3 d6 3.d4 cxd4 4.Nxd4 Nf6 5.Nc3 a6 6.Be3 Ng4 7.Bc1 Nf6 8.Be3 Ng4
9.Bg5 h6 10.Bh4 g5 11.Bg3 Bg7 12.Be2 h5 13.Bxg4 hxg4 14.Qd2 Nc6 15.Nf5 Bxf5
16.exf5 Qa5 17.Nd5 Bxb2 18.Qxa5 Nxa5 19.Rb1 Bd4 20.Rb4 Nc6 21.Rxb7 Ra7 22.Rxa7 Bxa7
23.Kd2 Kd7 24.Re1 Rb8 25.a4 Bd4 26.c3 Be5 27.Kc2 e6 28.fxe6+ Kxe6 29.Nc7+ Kd7
30.Nxa6 Ra8 31.Nb4 Bxg3 32.hxg3 Rxa4 33.Kb3 Ra5 34.Nxc6 Kxc6 35.Re4 Rf5 36.Rxg4 Rxf2
37.Rxg5 Rxg2  1/2-1/2

[Event "19th Czech Chladek & Tintera A Open"]
[Site "Pardubice CZE"]
[Date "2008.07.24"]
[Round "7"]
[White "Klovans,J"]
[Black "Naroditsky,D"]
[Result "1/2-1/2"]
[WhiteElo "2428"]
[BlackElo "2313"]

1.e4 c5 2.Nf3 d6 3.d4 cxd4 4.Nxd4 Nf6 5.Nc3 a6 6.Be3 e5 7.Nb3 Be6 8.f3 Be7
9.Qd2 O-O 10.O-O-O Nbd7 11.g4 b5 12.g5 b4 13.gxf6 bxc3 14.Qxc3 Nxf6 15.Na5 Qd7
16.Qc6 Rfc8 17.Qxd7 Nxd7 18.b3 Rc3 19.Bd3 Bd8 20.Nb7 Bc7 21.Bd2 Rc6 22.Na5 Bxa5
23.Bxa5 Nc5 24.Kb2 Rb8 25.Rd2 Nxd3+ 26.Rxd3 Rc5 27.Bc3 Rbc8 28.Rc1 d5 29.exd5 Bf5
30.Re3 f6 31.Rd1 Rd8 32.d6 Rc6 33.a4 Rcxd6 34.Rxd6 Rxd6 35.Be1 Kf7 36.b4 Bd7
37.Kb3 Rd1 38.c4 Rb1+ 39.Ka2 Rc1 40.Kb3 Rb1+  1/2-1/2

[Event "Dutch Open"]
[Site "Dieren NED"]
[Date "2008.07.25"]
[Round "4"]
[White "Timmermans,M"]
[Black "Hachijan,A"]
[Result "1/2-1/2"]
[WhiteElo "2118"]
[BlackElo "2013"]

1.e4 c5 2.Nf3 d6 3.d4 cxd4 4.Nxd4 Nf6 5.Nc3 a6 6.Be3 e6 7.Be2 Be7 8.O-O O-O
9.a4 Nc6 10.Kh1 Qc7 11.f4 Re8 12.Bf3 Bf8 13.Qe1 Nxd4 14.Bxd4 e5 15.Bg1 exf4
16.Qd2 Be6 17.Qxf4 Nd7 18.Bg4 Ne5 19.Bxe6 fxe6 20.Bd4 Rac8 21.Qg3 Be7 22.Rac1 Rf8
23.Qh3 Qd7 24.Qg3 Ng6 25.Rfd1 Rf7 26.b3 Rcf8 27.Ne2 Qc6 28.Qd3 Qc8 29.c4 e5
30.Be3 Qg4 31.Ng3 Nh4 32.Qe2 Qg6 33.Qh5 Qe6 34.Kg1 b5 35.Bg5 Bxg5 36.Qxg5 Nxg2
37.Nf5 Nf4 38.Kh1 h6 39.Qg4 d5 40.cxd5 Nxd5 41.Rc5 Nf4 42.Qg3 Rd7 43.Rf1 bxa4
44.bxa4 Rf6 45.Qc3 Qa2 46.Rg1 Rg6 47.Qc4+ Qxc4 48.Rxc4 Rxg1+ 49.Kxg1 Rd1+
50.Kf2 Rd2+ 51.Kf3 Ra2 52.Rc8+ Kh7 53.Rc4 Rxh2 54.Rc6 g5 55.Rxa6 h5 56.Ne3 Re2
57.Ra5 g4+ 58.Nxg4 hxg4+ 59.Kxg4 Rxe4  1/2-1/2

[Event "ch-AUT"]
[Site "Leoben AUT"]
[Date "2008.07.25"]
[Round "7"]
[White "Ragger,M"]
[Black "Kleiser,G"]
[Result "1-0"]
[WhiteElo "2527"]
[BlackElo "2329"]

1.e4 c5 2.Nf3 d6 3.d4 cxd4 4.Nxd4 Nf6 5.Nc3 a6 6.Be3 e5 7.Nb3 Be6 8.Be2 Be7
9.O-O Nc6 10.Nd5 O-O 11.f3 Rc8 12.Qd2 Bxd5 13.exd5 Nb8 14.a4 Nbd7 15.c4 Nh5
16.Rfd1 f5 17.c5 Nxc5 18.Nxc5 dxc5 19.d6 Bf6 20.Bc4+ Kh8 21.Be6 f4 22.Bf2 Rc6
23.Bf5 Bh4 24.Bxh4 Qxh4 25.Be4 Rb6 26.Rac1 Rb4 27.Rxc5 Rd4 28.Qc1 Rxd1+ 29.Qxd1 Qd8
30.a5 Nf6 31.Bf5 g6 32.Bh3  1-0

[Event "III Open"]
[Site "Oviedo ESP"]
[Date "2008.07.25"]
[Round "3"]
[White "Guliyev,N"]
[Black "Roiz Baztan,D"]
[Result "1-0"]
[WhiteElo "2510"]
[BlackElo "2308"]

1.e4 c5 2.Nf3 d6 3.d4 cxd4 4.Nxd4 Nf6 5.Nc3 a6 6.Be3 e5 7.Nf3 Be7 8.Bc4 O-O
9.O-O Qc7 10.Bb3 Be6 11.Re1 Rc8 12.Re2 Bc4 13.Bxc4 Qxc4 14.Nd2 Qe6 15.Bg5 Nc6
16.Nf3 Qc4 17.Bxf6 Bxf6 18.Nd5 Bd8 19.c3 a5 20.Nd2 Qa6 21.Nf1 Be7 22.Re3 b5
23.Qh5 h6 24.Rf3  1-0

[Event "1st Open"]
[Site "Paleochora GRE"]
[Date "2008.07.25"]
[Round "6"]
[White "Satyapragyan,S"]
[Black "Parligras,M"]
[Result "1/2-1/2"]
[WhiteElo "2414"]
[BlackElo "2588"]

1.e4 c5 2.Nf3 d6 3.d4 cxd4 4.Nxd4 Nf6 5.Nc3 a6 6.Be3 e6 7.Be2 Nbd7 8.f4 b5
9.Bf3 Bb7 10.a3 Rc8 11.e5 Bxf3 12.Nxf3 Ng4 13.Bd4 dxe5 14.fxe5 Nh6 15.Qe2 Nf5
16.Bf2 Bc5 17.Ne4 Bxf2+ 18.Qxf2 Rc4 19.Qe2 Nc5 20.Nxc5 Rxc5 21.c3 O-O 22.O-O Rd5
23.Rad1 Qb6+ 24.Qf2 Qxf2+ 25.Kxf2 Rfd8 26.Rxd5 Rxd5 27.Re1 h6 28.a4 g5 29.g4 Ne7
30.axb5 axb5 31.Ke3 Ng6 32.Ke4 Nf4 33.Nd4 Ng6 34.Nf3 Nf4 35.Nd4 Ng6  1/2-1/2

[Event "19th Czech Chladek & Tintera A Open"]
[Site "Pardubice CZE"]
[Date "2008.07.25"]
[Round "8"]
[White "Potapov,P"]
[Black "Bogner,S"]
[Result "0-1"]
[WhiteElo "2418"]
[BlackElo "2467"]

1.e4 c5 2.Nf3 d6 3.d4 cxd4 4.Nxd4 Nf6 5.Nc3 a6 6.Be3 e6 7.f4 b5 8.Qf3 Bb7
9.Bd3 Nbd7 10.O-O Rc8 11.Rae1 b4 12.Nb1 Nc5 13.Nd2 Be7 14.Bf2 O-O 15.Qh3 g6
16.N4b3 Nxd3 17.cxd3 a5 18.Rc1 a4 19.Nd4 e5 20.Ne2 Qd7 21.Qf3 Qe6 22.b3 d5
23.fxe5 dxe4 24.dxe4 Nd7 25.Rxc8 Rxc8 26.Bd4 Ba6 27.Nf4 Nxe5 28.Qg3 Qd7 29.Nd5 Nc6
30.Bf6 Bc5+ 31.Kh1 Bxf1 32.Nxf1 Ne7 33.Bxe7 Bxe7 34.Qe5 Bd8 35.g3 Qe6 36.Qd4 Rc1
37.Kg2 Rc2+  0-1

[Event "Politiken Cup"]
[Site "Helsingor DEN"]
[Date "2008.07.26"]
[Round "9"]
[White "Hillarp Persson,T"]
[Black "Humphrey,J"]
[Result "1-0"]
[WhiteElo "2526"]
[BlackElo "2289"]

1.e4 c5 2.Nf3 d6 3.d4 cxd4 4.Nxd4 Nf6 5.Nc3 a6 6.Be3 e5 7.Nb3 Be6 8.f3 Nbd7
9.g4 Be7 10.h4 O-O 11.Qd2 b5 12.g5 b4 13.Nd5 Nxd5 14.exd5 Bf5 15.Bd3 Bxd3
16.Qxd3 a5 17.Nd2 Qc7 18.O-O-O a4 19.Kb1 Rac8 20.Ne4 Qc4 21.Qxc4 Rxc4 22.b3 Rcc8
23.Bd2 Rb8 24.Rhg1 Rb5 25.c4 bxc3 26.Nxc3 Rb4 27.Nxa4 Rxh4 28.Rc1 Rd4 29.Rc7 Rxd2
30.Rxd7 Re8 31.Nc3 Rd3 32.Ne4 Rxd5 33.Rxe7 Rxe7 34.Nf6+ gxf6 35.gxf6+ Kf8
36.Rg8+  1-0

[Event "Politiken Cup"]
[Site "Helsingor DEN"]
[Date "2008.07.26"]
[Round "9"]
[White "Arvola,B"]
[Black "Moller,A"]
[Result "1-0"]
[WhiteElo "2105"]
[BlackElo "1943"]

1.e4 c5 2.Nf3 d6 3.d4 cxd4 4.Nxd4 Nf6 5.Nc3 a6 6.Be3 e6 7.f3 Be7 8.g4 Qc7
9.Qd2 Nc6 10.O-O-O O-O 11.g5 Ne8 12.h4 b5 13.Kb1 b4 14.Nce2 Ne5 15.Ng3 d5
16.exd5 exd5 17.Ndf5 Be6 18.Bf4 Bd6 19.Nxd6 Qxd6 20.Qe2 f6 21.gxf6 gxf6 22.Ne4 Qc6
23.Rg1+ Kf7 24.Nxf6 Nc4 25.Nxh7 Bf5 26.Re1 Ra7 27.Ng5+ Kg8 28.Ne6+ Ng7 29.Nxg7 Rxg7
30.Bh3 Bxh3 31.Rxg7+ Kxg7 32.Qe7+ Rf7 33.Rg1+ Qg6 34.Be5+ Nxe5 35.Qxe5+ Rf6
36.Rxg6+  1-0

[Event "ch-AUT"]
[Site "Leoben AUT"]
[Date "2008.07.26"]
[Round "8"]
[White "Kleiser,G"]
[Black "Freitag,Ma"]
[Result "1/2-1/2"]
[WhiteElo "2329"]
[BlackElo "2408"]

1.e4 c5 2.Nf3 d6 3.d4 cxd4 4.Nxd4 Nf6 5.Nc3 a6 6.Be3 e6 7.Be2 Qc7 8.O-O Be7
9.a4 O-O 10.Kh1 Nc6 11.f4 Bd7 12.Qe1  1/2-1/2

[Event "19th Czech Chladek & Tintera A Open"]
[Site "Pardubice CZE"]
[Date "2008.07.26"]
[Round "9"]
[White "Erdogdu,M"]
[Black "Zakhartsov,Vi"]
[Result "1/2-1/2"]
[WhiteElo "2440"]
[BlackElo "2556"]

1.e4 c5 2.Nf3 d6 3.d4 cxd4 4.Nxd4 Nf6 5.Nc3 a6 6.Be3 e5 7.Nb3 Be6 8.f3 h5
9.Be2 Nbd7 10.Qd2 Rc8 11.O-O Be7 12.Rfd1 O-O 13.a4 Qc7 14.a5 Rfd8 15.Bf1 d5
16.exd5 Nxd5 17.Nxd5 Bxd5 18.Qxd5 Nf6 19.Qc4 Rxd1 20.Rxd1 Qxc4 21.Bxc4 Rxc4
22.c3 Kf8 23.Kf2 Ke8 24.Ke2 Rc6 25.Rd3 g6 26.Nd2 Nd7 27.Rd5 f5 28.h3 h4 29.c4 Rc7
30.b3 Kf7 31.Nf1 Ke6 32.Bc1 Nc5 33.Nd2 Nd7 34.Bb2 Bb4 35.Nb1 Rc5 36.Bc3 Bxc3
37.Nxc3 Rc8 38.Na4 g5 39.Ke3 Rc6 40.b4 Ke7 41.c5 Ke6 42.Rd2 Nf6 43.Nb6 Nh5
44.Rd8 Nf4 45.Kf2 e4 46.fxe4 fxe4 47.Re8+ Kf5 48.Nc8 Re6 49.Nd6+ Ke5 50.Rxe6+ Nxe6
51.Nxb7 Nd4 52.Nd8 Kd5 53.Nf7 Nc6 54.Nxg5 Nxb4 55.Ke3 Nc2+ 56.Kf4 e3 57.Kf3 Kxc5
58.Ke2 Kd4 59.Nf3+ Ke4 60.Nxh4 Nd4+ 61.Kd1 Nb3 62.Nf3 Nxa5 63.h4 Nc4 64.h5 Nd6
65.h6 Nf7 66.h7 Nh8 67.Ke2 a5 68.Ne1 Kf5 69.Kxe3  1/2-1/2

[Event "XXVI Andorra Open"]
[Site "La Massana AND"]
[Date "2008.07.27"]
[Round "9"]
[White "Ibarra Jerez,JC"]
[Black "Popilski,G"]
[Result "1-0"]
[WhiteElo "2496"]
[BlackElo "2372"]

1.e4 c5 2.Nf3 d6 3.d4 cxd4 4.Nxd4 Nf6 5.Nc3 a6 6.Be3 e6 7.f3 Be7 8.Qd2 Nc6
9.O-O-O O-O 10.g4 Nd7 11.h4 Nxd4 12.Qxd4 Ne5 13.Be2 b5 14.Kb1 Nc6 15.Qd2 Qa5
16.Bd3 b4 17.Ne2 e5 18.Bc4 Be6 19.Bd5 Rab8 20.g5 Qc7 21.h5 Na5 22.b3 Bxd5
23.Qxd5 Rb5 24.Qd3 Nb7 25.Rhg1 g6 26.hxg6 hxg6 27.c4 Nc5 28.Qc2 Rb7 29.f4 exf4
30.Nxf4 Ne6 31.Nd5 Qd8 32.Qh2 Bxg5 33.Bxg5 Nxg5 34.Rxg5 Qxg5 35.Rh1 f5 36.Qh8+ Kf7
37.Qh7+ Ke6 38.Qxb7 f4 39.Qg7 Rc8 40.Rd1 f3 41.Nc7+ Rxc7 42.Qxc7 Qf4 43.Qc8+ Ke7
44.Qb7+ Kf6 45.Qxb4 Qxe4+ 46.Kb2 Kg5 47.Qxd6 Qe2+  1-0

[Event "9th Epetium Open"]
[Site "Stobrec CRO"]
[Date "2008.07.28"]
[Round "3"]
[White "Bajkusa,M"]
[Black "Mestrovic,J"]
[Result "1/2-1/2"]
[WhiteElo "2070"]
[BlackElo "1810"]

1.e4 c5 2.Nf3 d6 3.d4 cxd4 4.Nxd4 Nf6 5.Nc3 a6 6.Be3 e6 7.Be2 Be7 8.O-O Qc7
9.f4 Nbd7 10.Bf3 Nb6 11.Bf2 O-O 12.Qd3 Nbd7 13.g4 Nc5 14.Qe3 e5 15.Nf5 Bxf5
16.exf5 h6 17.g5 exf4 18.Qxf4 hxg5 19.Qxg5 Nce4 20.Nxe4 Nxe4 21.Qe3 Nxf2
22.Rxf2 d5 23.Bxd5 Bc5 24.Qf3 Bxf2+ 25.Qxf2 Rac8 26.c3 b5 27.Kh1 Qc5 28.Qg2 Qe7
29.Rg1  1/2-1/2

[Event "Dutch Open"]
[Site "Dieren NED"]
[Date "2008.07.30"]
[Round "8"]
[White "Timmermans,M"]
[Black "Obers,F"]
[Result "1-0"]
[WhiteElo "2118"]
[BlackElo "2112"]

1.e4 c5 2.Nf3 d6 3.d4 cxd4 4.Nxd4 Nf6 5.Nc3 a6 6.Be3 e5 7.Nb3 Be6 8.f3 Be7
9.Qd2 O-O 10.O-O-O Nbd7 11.g4 b5 12.Rg1 b4 13.Nd5 Bxd5 14.exd5 a5 15.g5 Nh5
16.Kb1 Qc7 17.h4 Nb6 18.Nc1 Nc4 19.Bxc4 Qxc4 20.Rg4 Qc7 21.Rdg1 f5 22.gxf6 Bxf6
23.Ne2 Rf7 24.Qd3 Rc8 25.Ng3 Nxg3 26.R1xg3 Kh8 27.Rg2 Qb7 28.h5 h6 29.Rg6 Rcf8
30.Qd2 Bg5 31.Bxg5 Rxf3 32.Bh4 Rf1+ 33.Be1  1-0

[Event "Dutch Open"]
[Site "Dieren NED"]
[Date "2008.07.30"]
[Round "8"]
[White "Klein,Da"]
[Black "Beeke,B"]
[Result "1-0"]
[WhiteElo "2135"]
[BlackElo "2201"]

1.e4 c5 2.Nf3 d6 3.d4 cxd4 4.Nxd4 Nf6 5.Nc3 a6 6.Be3 e6 7.Be2 Be7 8.a4 Nc6
9.O-O O-O 10.f4 Qc7 11.Kh1 Re8 12.Qe1 Rb8 13.Qg3 Nd7 14.Rad1 Kh8 15.Nf3 Nb4
16.Rd2 Nc5 17.Bd4 f6 18.e5 Nc6 19.exf6 gxf6 20.b4 Nxb4 21.Ng5 Bd8 22.Bh5 Rf8
23.Nf7+ Rxf7 24.Bxf7 Qxf7 25.Bxc5 Nc6 26.Bxd6 Ra8 27.Ne4 b5 28.Qc3 Bd7 29.Re2 Rc8
30.Qa1 Na5 31.Bb4 Nc4 32.Bc3  1-0

[Event "TIPC Open"]
[Site "Charleroi BEL"]
[Date "2008.07.31"]
[Round "7"]
[White "Dumont,A"]
[Black "Chevry,P"]
[Result "1-0"]
[WhiteElo "2145"]
[BlackElo "1894"]

1.e4 c5 2.Nf3 d6 3.d4 cxd4 4.Nxd4 Nf6 5.Nc3 a6 6.Be3 e5 7.Nb3 Be6 8.f4 Ng4
9.Qd2 Nxe3 10.Qxe3 exf4 11.Qxf4 Be7 12.Nd4 O-O 13.Nxe6 fxe6 14.Qg4 Bg5 15.Bc4 Nc6
16.Rd1 Kh8 17.Rf1 Rxf1+ 18.Kxf1 Qb6 19.Rd3 Ne5 20.Qxg5 Rf8+ 21.Rf3 Nxf3 22.gxf3 Rxf3+
23.Ke1 h6 24.Qg2 Qe3+ 25.Ne2 Qxe4 26.Bd3 Qh4+ 27.Kd1 Qf6 28.h4 Qf7 29.Qg6 Kg8
30.Qh7+ Kf8 31.Qh8+ Ke7 32.Qb8 Qh5 33.Qc7+ Kf6 34.Qxd6 Rf1+ 35.Kd2 Qxh4 36.Qd8+  1-0

[Event "8th United Insurance"]
[Site "Dhaka BAN"]
[Date "2008.07.31"]
[Round "3"]
[White "Ali,MdI"]
[Black "Badri,N"]
[Result "1-0"]
[WhiteElo "2172"]
[BlackElo "2172"]

1.e4 c5 2.Nf3 d6 3.d4 cxd4 4.Nxd4 Nf6 5.Nc3 a6 6.Be3 e6 7.Bd3 Nc6 8.O-O Be7
9.Nxc6 bxc6 10.f4 Qc7 11.Qf3 O-O 12.g4 Nd7 13.g5 Re8 14.Qg3 d5 15.Rf3 g6
16.Qh4 h5 17.Raf1 dxe4 18.Nxe4 Bf8 19.Rg3 c5 20.Nf6+ Nxf6 21.gxf6 Kh8 22.Rxg6 fxg6
23.Bxg6 Rd8 24.Qxh5+ Kg8 25.Kf2 Rd5 26.Qh4 Qd7 27.Rg1 Rd2+ 28.Bxd2 Qxd2+
29.Kf3 Ra7 30.Be4+  1-0

[Event "Dutch Open"]
[Site "Dieren NED"]
[Date "2008.07.31"]
[Round "9"]
[White "Hachijan,A"]
[Black "Van den Dikkenberg,E"]
[Result "1/2-1/2"]
[WhiteElo "2013"]
[BlackElo "2131"]

1.e4 c5 2.Nf3 d6 3.d4 cxd4 4.Nxd4 Nf6 5.Nc3 a6 6.Be3 e6 7.Be2 Be7 8.a4 O-O
9.O-O b6 10.Qe1 Bb7 11.f3 Qc7 12.Qg3 Kh8 13.Rad1 Nbd7 14.Bd3 Ne5 15.Kh1 Nc4
16.Bc1 Rac8 17.f4 d5 18.exd5 Nxd5 19.Nxd5 Bxd5 20.b3 Nd6 21.Bxa6 Ne4 22.Qe3 Rcd8
23.Bd3 Nf6 24.Nf3 Bc5 25.Qe2 Bb7 26.Ne5 Bd4 27.Nf3  1/2-1/2

[Event "17th Open"]
[Site "Martigny SUI"]
[Date "2008.08.01"]
[Round "1"]
[White "Sokolov,And1"]
[Black "Michel,JC"]
[Result "1-0"]
[WhiteElo "2561"]
[BlackElo "1874"]

1.e4 c5 2.Nf3 d6 3.d4 cxd4 4.Nxd4 Nf6 5.Nc3 a6 6.Be3 Qc7 7.f3 e6 8.Qd2 Nbd7
9.g4 Nb6 10.O-O-O Nc4 11.Bxc4 Qxc4 12.Kb1 b5 13.h4 Bd7 14.Nce2 a5 15.Ng3 b4
16.g5 Ng8 17.f4 Ne7 18.f5 e5 19.Nf3 Nc6 20.h5 f6 21.h6 g6 22.b3 Qf7 23.fxg6 hxg6
24.gxf6 O-O-O 25.Ng5 Qxf6 26.Rhf1 Qe7 27.Nf7 Bg4 28.Nxh8 Bxd1 29.Nxg6  1-0

[Event "FSIMA August"]
[Site "Budapest HUN"]
[Date "2008.08.02"]
[Round "1"]
[White "Werner,Di"]
[Black "Lorand,N"]
[Result "1/2-1/2"]
[WhiteElo "2329"]
[BlackElo "2273"]

1.e4 c5 2.Nf3 d6 3.d4 cxd4 4.Nxd4 Nf6 5.Nc3 a6 6.Be3 e5 7.Nf3 Be7 8.Bc4 O-O
9.O-O Be6 10.Bb3 Nc6 11.Bg5 Nd7 12.Bxe7 Qxe7 13.Nd5 Bxd5 14.Bxd5 Nf6 15.c3 Nxd5
16.Qxd5 Rfd8  1/2-1/2

[Event "TIPC Open"]
[Site "Charleroi BEL"]
[Date "2008.08.02"]
[Round "9"]
[White "Akhayan,R"]
[Black "Le Quang,K"]
[Result "1/2-1/2"]
[WhiteElo "2243"]
[BlackElo "2273"]

1.e4 c5 2.Nf3 d6 3.d4 cxd4 4.Nxd4 Nf6 5.Nc3 a6 6.Be3 e6 7.f3 Be7 8.Qd2 O-O
9.O-O-O Nc6 10.g4 Nxd4 11.Bxd4 b5 12.Kb1 b4 13.Ne2 e5 14.Be3 Be6 15.g5 Nd7
16.h4 Nb6 17.Bxb6 Qxb6 18.f4 Qa5 19.b3 Bg4 20.Rg1 Bh5 21.Bh3 Rfd8 22.Bg4 Bxg4
23.Rxg4 Rac8 24.f5 Rc5 25.f6 Bf8 26.g6 hxg6 27.fxg7 Bxg7 28.a4 bxa3 29.Qxa5 Rxa5
30.Ka2 Rc5 31.c4 Kh7 32.h5 gxh5 33.Rh1 Rh8 34.Ng3 Kg8 35.Nxh5 Kf8 36.Rxg7 Rxh5
37.Rxh5 Kxg7  1/2-1/2